Engines of discovery : (Record no. 10946)

MARC details
000 -LEADER
fixed length control field 01227cam a2200325 a 4500
001 - CONTROL NUMBER
control field 14685434
003 - CONTROL NUMBER IDENTIFIER
control field EG-ScBUE
005 - DATE AND TIME OF LATEST TRANSACTION
control field 20250701093250.0
008 - FIXED-LENGTH DATA ELEMENTS--GENERAL INFORMATION
fixed length control field 070104t2007 njua f b 001 0 eng d
020 ## - INTERNATIONAL STANDARD BOOK NUMBER
International Standard Book Number 9789812700711 (pbk.)
020 ## - INTERNATIONAL STANDARD BOOK NUMBER
International Standard Book Number 9812700714 (pbk.)
035 ## - SYSTEM CONTROL NUMBER
System control number (OCoLC)ocm77716990
035 ## - SYSTEM CONTROL NUMBER
System control number (OCoLC)77716990
040 ## - CATALOGING SOURCE
Original cataloging agency DLC
Language of cataloging eng
Description conventions rda
Transcribing agency DLC
Modifying agency YDX
-- BAKER
-- BTCTA
-- YDXCP
-- BWK
-- DLC
-- EG-ScBUE
082 04 - DEWEY DECIMAL CLASSIFICATION NUMBER
Classification number 539.73
Edition number 22
Item number SES
100 1# - MAIN ENTRY--PERSONAL NAME
Personal name Sessler, A. M.
Fuller form of name (Andrew Marienhoff)
Relator term author.
245 10 - TITLE STATEMENT
Title Engines of discovery :
Remainder of title a century of particle accelerators /
Statement of responsibility, etc Andrew Sessler, Lawrence Berkeley National Laboratory, USA, Edmund Wilson, CERN, Geneva, SWitzerland.
264 #1 - PUBLICATION, DISTRIBUTION, ETC. (IMPRINT)
Place of publication, distribution, etc New Jersey :
Name of publisher, distributor, etc World Scientific,
Date of publication, distribution, etc [2007]
264 #4 - PUBLICATION, DISTRIBUTION, ETC. (IMPRINT)
Date of publication, distribution, etc c2007
300 ## - PHYSICAL DESCRIPTION
Extent xv, 194 pages :
Other physical details illustrations (some color) ;
Dimensions 29 cm
336 ## - CONTENT TYPE
Source rdacontent
Content type term text
Content type code txt
337 ## - MEDIA TYPE
Media type term unmediated
Source rdamedia
Media type code n
338 ## - CARRIER TYPE
Carrier type term volume
Carrier type code nc
Source rdacarrier
504 ## - BIBLIOGRAPHY, ETC. NOTE
Bibliography, etc Includes bibliographical references and index.
650 #7 - SUBJECT ADDED ENTRY--TOPICAL TERM
Topical term or geographic name as entry element Particle accelerators.
Source of heading or term BUEsh
650 #7 - SUBJECT ADDED ENTRY--TOPICAL TERM
Topical term or geographic name as entry element Particle accelerators
General subdivision Design and construction.
Source of heading or term BUEsh
655 ## - INDEX TERM--GENRE/FORM
Form subdivision Reading book
700 1# - ADDED ENTRY--PERSONAL NAME
Personal name Wilson, E. J. N.
Fuller form of name (Edward J. N.)
Relator term author.
942 ## - ADDED ENTRY ELEMENTS (KOHA)
Source of classification or shelving scheme Dewey Decimal Classification
Koha item type Book - Borrowing
Holdings
Withdrawn status Lost status Source of classification or shelving scheme Damaged status Not for loan Collection code Home library Current library Shelving location Date acquired Source of acquisition Cost, normal purchase price Serial Enumeration / chronology Total Checkouts Total Renewals Full call number Barcode Date last seen Date checked out Koha item type
    Dewey Decimal Classification     Baccah Central Library Central Library First floor 24/02/2009 Purchase 204.00 7117 1 6 539.73 SES 000014963 15/07/2025 20/10/2016 Book - Borrowing